| 000 | 00448nam a22001571a 4500 | ||
|---|---|---|---|
| 082 |
_aS 398.991 2 _bLAL/V |
||
| 100 | _aLalithaprabha Sagar Mukhopadhyaya | ||
| 245 |
_aViswa sanskrit sukthi kosh (vol.1)/ _cby Lalithaprabha Sagar Mukhopadhyaya |
||
| 260 |
_aJodhpur: _bNavabharat prakashan, _c2006. |
||
| 300 | _a279p. | ||
| 650 | _aProverb Sanskrit | ||
| 650 | _aProverb | ||
| 650 | _aFolk Literature | ||
| 650 | _aSocial Sciences | ||
| 942 | _cBK | ||
| 999 |
_c50212 _d50212 |
||